Responses for Show #7345 - Friday, July 15, 2016

Last game consolation prizes sponsored. Consolation sponsorship began in Show #6211 in Season 28. The only consolation prizes sponsor was Aleve.

Contestants

[<< previous game]

Luke Hales, a teacher from Friendswood, Texas

Siobhan Quinlan, an Italian instructor and study abroad director from Lexington, Massachusetts

Ellen Corrigan, a law clerk from Philadelphia, Pennsylvania (whose 1-day cash winnings total $3,999)

[next game >>]

Jeopardy! Round responses

BOOKS FOR THE YOUNG
HERE COMES THE NEIGHBORHOOD
CRIME & CRIMINALS
DESCRIBING THE TV SHOW
HYBRID & ELECTRIC CARS
OUT OF AFRICA
(Alex: Each correct response will be made up of some of the letters in the word "Africa".)
    $200 1
Huckleberry Finn

Luke
    $200 14
Little Havana

Luke
    $200 11
loot

Ellen
    $200 6
America's Funniest Home Videos

Luke
    $200 26
Honda

Ellen
    $200 21
fair

Ellen
    $400 2
Goodnight Moon

Ellen
    $400 15
Capitol Hill

Ellen
    $400 12
Sing Sing

Siobhan
    $400 7
The Flash

Ellen
    $400 27
the Volt

Siobhan
    $400 22
Ari

Luke
    $600 3
Eric Carle

Luke
    $600 18
(Alex: "We are the Sons of [*]?")

Westwood

Triple Stumper
    $1,000 13
(Siobhan: What is exile?)

solitary confinement

Siobhan
    $600 8
Six Feet Under

Luke
    $600 28
Lexus

Triple Stumper
    $600 23
the CIA

Ellen
    $800 4
the Little Prince

Luke
    $800 19
Brighton Beach Memoirs

Luke
    $800 16
racketeering

Siobhan
    $800 9
Supernatural

Ellen
    $800 29
Volkswagen

Ellen
    $800 24
an arc

Luke
    $1000 5
Frances

Triple Stumper
    $1000 20
Catfish Row

Triple Stumper
    $1000 17
stockade

Triple Stumper
    $1000 10
(Siobhan: What is Comeback?)

Episodes

Siobhan
Triple Stumper
    $1000 30
Kia

Ellen
    $1000 25
a fir

Siobhan

Scores at the first commercial break (after clue 15):

Ellen Siobhan Luke
$2,200 -$1,600 $2,600

Scores at the end of the Jeopardy! Round:

Ellen Siobhan Luke
$5,000 $600 $4,600

Double Jeopardy! Round responses

THE FIRST NAME GAME
SCULPTURE
BOOK TO MOVIE
HOOSIER HISTORY
ADVERBS THAT DON'T END IN -LY
INTO AFRICA
(Alex: Not "Out of Africa".)
    $400 7
Theodore

Ellen
    $400 1
Hermes

Ellen
    $400 2
Field of Dreams

Ellen
    $400 26
(Alex: Let's go to Indiana.)
...
(Ellen: What is the Indianapolis 500?)

the Indianapolis Speedway

EllenSiobhan
    $400 16
too

Siobhan
    $400 21
Egypt

Ellen
    $800 8
a Tony

Siobhan
    $800 12
Moscow

Siobhan
    $800 3
Stand By Me

Ellen
    $800 27
Purdue

Triple Stumper
    $800 17
fast

Luke
    $800 22
Lesotho

Triple Stumper
    $1200 9
Grace

Siobhan
    $1200 13
Alexander Calder

Triple Stumper
    $1200 4
(Luke: What is Born on the Fourth of July?)
(Siobhan: What is Jerry Maguire?)

Jack Reacher

SiobhanLuke
Triple Stumper
    $1200 28
(Alex: At Notre Dame, [*].)

Knute Rockne

Triple Stumper
    $1200 18
(Luke: What is Ever After?)

Far and Away

Luke
Triple Stumper
    $1200 23
Namibia

Ellen
    $1600 10
Lucy

Ellen
    $1600 14
the lion's den

Luke
    $1600 5
Paper Moon

Ellen
    $1600 29
(Alex: What are [*]? [*] trace.)

buffalo

Triple Stumper
    $1600 19
late

Siobhan
    $1600 24
(Ellen: What are the Republic of Congo and the Democratic Republic of Congo?)
...
(Alex: What are [*]. Third-longest.)

Niger and Nigeria

Ellen
Triple Stumper
    $2000 11
Carmine

Triple Stumper
    $5,000 15
Sisyphus

Luke
    $2000 6
(Alex: And the great film was [*]. Marvelous movie.)

A Place in the Sun

Triple Stumper
    $2000 30
William Henry Harrison

Triple Stumper
    $2000 20
furthermore

Ellen
    $3,000 25
Mozambique

Ellen

Scores at the end of the Double Jeopardy! Round:

Ellen Siobhan Luke
$14,800 $4,600 $9,600

[wagering suggestions for these scores]

Final Jeopardy! Round responses

THE ROCK AND ROLL HALL OF FAME
SiobhanWho is ABBA & ZZ Top?
$4,000
LukeWho are AC/DC and Zeppelin
$9,000
EllenWho are ABBA & ZZ Top
$4,401
ABBA & ZZ Top

Final scores:

Ellen Siobhan Luke
$19,201 $8,600 $600
2-day champion: $23,200 2nd place: $2,000 3rd place: $1,000

Game dynamics:

Coryat scores:

Ellen Siobhan Luke
$13,800 $5,600 $6,600
20 R
(including 1 DD),
2 W
10 R,
3 W
(including 1 DD)
12 R
(including 1 DD),
2 W

Combined Coryat: $26,000

[game clues] [game scores] [suggest correction]

Game tape date: 2016-04-25
The J! Archive is created by fans, for fans. Scraping, republication, monetization, and malicious use prohibited; this site may use cookies and collect identifying information. See terms. The Jeopardy! game show and all elements thereof, including but not limited to copyright and trademark thereto, are the property of Jeopardy Productions, Inc. and are protected under law. This website is not affiliated with, sponsored by, or operated by Jeopardy Productions, Inc. Join the discussion at JBoard.tv.